Datum a čas kvízu
29
Celkem bodů
Celkový počet nahraných bodů na tomto kvízu bez doplňovacích otázek.
8.
Pořadí na kvízu
Konečné umístění týmu na tomto kvízu.
Zaznamenané odpovědi
| # | Otázka | Odpověď | Body | Výsledky |
|---|---|---|---|---|
| 1. | Česká společnost ornitologická... | zvonek (zelený) | 1 | |
| 2. | Ve které středoasijské zemi za... | v Kazachstánu | 1 | |
| 3. | Ukrajinskému ministru kultury... | Emily in Paris | 1 | |
| 4. | V uplynulém týdnu vůbec první... | Apple | 1 | |
| 5. | Hokejisty Pardubic po neshodác... | Jakub Nakládal | 0 | |
| 6. | V následujícím tématu si připo... | Jiří Wolker | 1 | |
| 7. | Herec Heath Ledger zemřel neče... | Kletba bratří Grimmů, Legendy z Dogtownu | 1 | |
| 8. | Anne Franková je navzdory svém... | Bergen-Belsen | 0 | |
| 9. | Nevynecháme ani známé hudebník... | 1994 | 1 | |
| 10. | V poslední otázce se vrátíme n... | 1D 2A 3B 4C | 1 |